[Event "NAYCC U10"]
[Site "Toronto CAN"]
[Date "2013.08.18"]
[Round "8"]
[White "Atanasov, Dimitar"]
[Black "Zhang, Henry"]
[Result "1/2-1/2"]
[WhiteElo "916"]
[BlackElo "1414"]
[PlyCount "35"]
[GameId "2160767909258912"]
[EventDate "2013.08.14"]
[EventType "swiss"]
[EventRounds "9"]
[EventCountry "CAN"]
[SourceTitle "EXT 2022"]
[Source "ChessBase"]
[SourceDate "2021.10.06"]
[SourceVersion "1"]
[SourceVersionDate "2021.10.06"]
[SourceQuality "1"]

1. e4 c5 2. Nf3 d6 3. Bc4 Nf6 4. Nc3 g6 5. d3 Bg7 6. Bg5 Nc6 7. O-O a6 8. a4 O-O 9. Re1 Bg4 10. h3 Bd7 11. Qd2 Re8 12. Bh6 Qb6 13. Bxg7 Kxg7 14. Rad1 Na5 15. b3 Bc6 16. d4 Nxc4 17. bxc4 Rad8 18. Rb1 1/2-1/2

[Event "NAYCC U10"]
[Site "Toronto CAN"]
[Date "2013.08.18"]
[Round "8"]
[White "Corvera Choi, Kemos"]
[Black "Wong, Anthony G"]
[Result "1-0"]
[WhiteElo "1667"]
[BlackElo "1482"]
[PlyCount "87"]
[GameId "2160767909258915"]
[EventDate "2013.08.14"]
[EventType "swiss"]
[EventRounds "9"]
[EventCountry "CAN"]
[SourceTitle "EXT 2022"]
[Source "ChessBase"]
[SourceDate "2021.10.06"]
[SourceVersion "1"]
[SourceVersionDate "2021.10.06"]
[SourceQuality "1"]

1. e4 e6 2. d3 d5 3. Nd2 c5 4. Ngf3 Nc6 5. g3 Bd6 6. Bg2 Nf6 7. O-O O-O 8. Re1 Bc7 9. c3 Bb6 10. e5 Nd7 11. Nf1 f6 12. d4 fxe5 13. dxe5 h6 14. h4 c4 15. Bh3 Ndxe5 16. Nxe5 Bxf2+ 17. Kg2 Bxe1 18. Qxe1 Qf6 19. Nxc6 bxc6 20. Qe2 e5 21. Be3 Bxh3+ 22. Kxh3 Qe6+ 23. Kh2 d4 24. Bxd4 e4 25. Nd2 Rfe8 26. Nxc4 Rf8 27. Re1 Rf7 28. b3 Re8 29. Ne5 Rfe7 30. Qxe4 Qc8 31. c4 c5 32. Qd5+ Qe6 33. Qxc5 Rc8 34. Qb4 Rd8 35. Nf3 Qg4 36. Qxe7 Rf8 37. Qxg7+ Qxg7 38. Bxg7 Kxg7 39. Re7+ Kf6 40. Rxa7 Kg6 41. Kg2 Kh5 42. Rg7 Rxf3 43. g4+ Kxh4 44. Kxf3 1-0

[Event "NAYCC U10"]
[Site "Toronto CAN"]
[Date "2013.08.18"]
[Round "8"]
[White "Ekzhanov, Sergey"]
[Black "Moreno Vasquez, Esteban"]
[Result "0-1"]
[WhiteElo "964"]
[BlackElo "1717"]
[PlyCount "154"]
[GameId "2160767909258916"]
[EventDate "2013.08.14"]
[EventType "swiss"]
[EventRounds "9"]
[EventCountry "CAN"]
[SourceTitle "EXT 2022"]
[Source "ChessBase"]
[SourceDate "2021.10.06"]
[SourceVersion "1"]
[SourceVersionDate "2021.10.06"]
[SourceQuality "1"]

1. e4 e5 2. Nf3 Nc6 3. Nc3 Nf6 4. d4 exd4 5. Nxd4 Be7 6. Bc4 Ne5 7. Qe2 c5 8. Nf5 O-O 9. Bf4 Ng6 10. Qf3 d6 11. Nd5 Nxd5 12. Bxd5 Rb8 13. Nxe7+ Qxe7 14. Qg3 Nxf4 15. Qxf4 Qe5 16. Qxe5 dxe5 17. O-O b6 18. f4 Ba6 19. Rf2 Rbe8 20. Bc6 Re7 21. b3 exf4 22. Rxf4 Bb7 23. Bxb7 Rxb7 24. Raf1 Re7 25. g4 h6 26. h4 f6 27. g5 hxg5 28. hxg5 Rfe8 29. gxf6 gxf6 30. Rg4+ Rg7 31. Rxg7+ Kxg7 32. Re1 Rd8 33. c4 Rd2 34. a4 Rb2 35. Re3 Kf7 36. Rd3 Ke6 37. Kf1 Ke5 38. Re3 Kd4 39. Rf3 Kxe4 40. Rxf6 Rxb3 41. Rd6 Rb4 42. Ke2 Rxc4 43. Rh6 Kd4 44. Kd2 Rb4 45. Kc2 Kc4 46. Rh4+ Kd5 47. Rh5+ Kc6 48. Rh6+ Kb7 49. Kc3 Rxa4 50. Kb3 Rb4+ 51. Ka3 Ka6 52. Rh1 b5 53. Rc1 Rc4 54. Ra1 Ra4+ 55. Kb2 Rxa1 56. Kxa1 Kb6 57. Kb2 a5 58. Kb3 b4 59. Kc4 a4 60. Kd3 Kb5 61. Kc2 c4 62. Kb2 b3 63. Ka3 b2 64. Kxb2 Kb4 65. Ka2 a3 66. Kb1 c3 67. Kc1 a2 68. Kc2 a1=Q 69. Kd3 Qd1+ 70. Ke4 c2 71. Ke3 c1=R 72. Ke4 Rc8 73. Ke5 Re8+ 74. Kf6 Qf1+ 75. Kg7 Re2 76. Kh6 Rg2 77. Kh5 Qh1# 0-1

[Event "NAYCC U10"]
[Site "Toronto CAN"]
[Date "2013.08.18"]
[Round "8"]
[White "Feng, Richard"]
[Black "Sivapathasundaram, Manojh"]
[Result "1/2-1/2"]
[WhiteElo "1534"]
[BlackElo "1253"]
[PlyCount "32"]
[GameId "2160767909258917"]
[EventDate "2013.08.14"]
[EventType "swiss"]
[EventRounds "9"]
[EventCountry "CAN"]
[SourceTitle "EXT 2022"]
[Source "ChessBase"]
[SourceDate "2021.10.06"]
[SourceVersion "1"]
[SourceVersionDate "2021.10.06"]
[SourceQuality "1"]

1. e4 e6 2. f4 d5 3. e5 Bc5 4. d4 Bb6 5. Nf3 Ne7 6. c3 O-O 7. Bd3 h6 8. O-O c5 9. Na3 c4 10. Bc2 a6 11. Nh4 Nf5 12. Nxf5 exf5 13. b3 Be6 14. bxc4 dxc4 15. Qh5 Bxd4+ 16. Kh1 Bxc3 1/2-1/2

[Event "NAYCC U10"]
[Site "Toronto CAN"]
[Date "2013.08.18"]
[Round "8"]
[White "Frutos, Cole N"]
[Black "Ruan, Colin"]
[Result "0-1"]
[WhiteElo "1721"]
[BlackElo "1186"]
[PlyCount "74"]
[GameId "2160767909258918"]
[EventDate "2013.08.14"]
[EventType "swiss"]
[EventRounds "9"]
[EventCountry "CAN"]
[SourceTitle "EXT 2022"]
[Source "ChessBase"]
[SourceDate "2021.10.06"]
[SourceVersion "1"]
[SourceVersionDate "2021.10.06"]
[SourceQuality "1"]

1. e4 c5 2. Nf3 Nc6 3. Bb5 Nf6 4. d3 g6 5. Be3 d6 6. Nc3 Bg7 7. O-O O-O 8. Qd2 Bg4 9. Ne2 Bxf3 10. gxf3 Ne5 11. Kg2 a6 12. Bc4 b5 13. Bd5 Nxd5 14. exd5 c4 15. d4 Nd7 16. Rg1 Nf6 17. Nf4 Qd7 18. Kh1 Qf5 19. Rg3 Nxd5 20. Rag1 Nxf4 21. Bxf4 Qd5 22. c3 e5 23. Be3 exd4 24. Bxd4 Rfe8 25. Qf4 Re2 26. Bxg7 Kxg7 27. Rh3 h5 28. Qc1 Rxf2 29. Rg5 Qd3 30. Kg1 Rd2 31. Rhxh5 Rd1+ 32. Qxd1 Qxd1+ 33. Kg2 Kf6 34. Rd5 Qe2+ 35. Kg3 gxh5 36. Rxh5 Rg8+ 37. Kf4 Qd2+ 0-1

[Event "NAYCC U10"]
[Site "Toronto CAN"]
[Date "2013.08.18"]
[Round "8"]
[White "Hua, Eugene"]
[Black "Noritsyn, Sergey"]
[Result "0-1"]
[WhiteElo "1775"]
[BlackElo "2006"]
[PlyCount "40"]
[GameId "2160767909258919"]
[EventDate "2013.08.14"]
[EventType "swiss"]
[EventRounds "9"]
[EventCountry "CAN"]
[SourceTitle "EXT 2022"]
[Source "ChessBase"]
[SourceDate "2021.10.06"]
[SourceVersion "1"]
[SourceVersionDate "2021.10.06"]
[SourceQuality "1"]

1. e4 d5 2. exd5 Nf6 3. d4 Nxd5 4. c4 Nb6 5. Nf3 g6 6. h3 Bg7 7. Nc3 O-O 8. Be3 Nc6 9. Qd2 e5 10. d5 Ne7 11. g4 f5 12. Bh6 fxg4 13. hxg4 Rxf3 14. Bxg7 Kxg7 15. Qh6+ Kf7 16. Qxh7+ Ke8 17. Qg7 Qd6 18. Ne4 Qb4+ 19. Kd1 Bxg4 20. Rh4 Rf7+ 0-1

[Event "NAYCC U10"]
[Site "Toronto CAN"]
[Date "2013.08.18"]
[Round "8"]
[White "Huang, Qiuyu"]
[Black "Yaskolko, Maxim"]
[Result "0-1"]
[WhiteElo "1512"]
[BlackElo "1741"]
[PlyCount "66"]
[GameId "2160767909258920"]
[EventDate "2013.08.14"]
[EventType "swiss"]
[EventRounds "9"]
[EventCountry "CAN"]
[SourceTitle "EXT 2022"]
[Source "ChessBase"]
[SourceDate "2021.10.06"]
[SourceVersion "1"]
[SourceVersionDate "2021.10.06"]
[SourceQuality "1"]

1. e4 c5 2. Nf3 d6 3. d4 cxd4 4. Nxd4 Nf6 5. Nc3 g6 6. Be3 Bg7 7. Bc4 O-O 8. f3 Nc6 9. Qd2 Bd7 10. O-O-O Rc8 11. Bb3 Ne5 12. g4 Nc4 13. Bxc4 Rxc4 14. h4 h5 15. Nf5 gxf5 16. gxf5 Kh7 17. Rdg1 Rg8 18. Nd5 Qf8 19. Qd3 Rc8 20. Rg5 Rh8 21. Rhg1 Ne8 22. e5 f6 23. exf6 exf6 24. Rxh5+ Kg8 25. Rxh8+ Kxh8 26. h5 Bh6 27. Qe4 Bc6 28. f4 Qf7 29. Rg6 Kh7 30. Nxf6+ Nxf6 31. Qd4 Ne4 32. Qxa7 Qxf5 33. Qd4 Qxh5 0-1

[Event "NAYCC U10"]
[Site "Toronto CAN"]
[Date "2013.08.18"]
[Round "8"]
[White "Jeyakumar, Yathushan"]
[Black "Mocanu, Alexander"]
[Result "0-1"]
[WhiteElo "849"]
[BlackElo "884"]
[PlyCount "100"]
[GameId "2160767909258921"]
[EventDate "2013.08.14"]
[EventType "swiss"]
[EventRounds "9"]
[EventCountry "CAN"]
[SourceTitle "EXT 2022"]
[Source "ChessBase"]
[SourceDate "2021.10.06"]
[SourceVersion "1"]
[SourceVersionDate "2021.10.06"]
[SourceQuality "1"]

1. e4 e5 2. Nf3 d6 3. Nc3 Nf6 4. Bb5+ c6 5. Bc4 b5 6. Bf1 b4 7. Nb1 Nxe4 8. Qe2 Nf6 9. d3 a5 10. Bg5 Nbd7 11. Nbd2 Ba6 12. Bxf6 Nxf6 13. Nd4 c5 14. Nc6 Qc7 15. Qf3 Bb5 16. Nd4 Rb8 17. Nxb5 Rxb5 18. g3 Qb7 19. Qxb7 Rxb7 20. Bg2 Ra7 21. Bc6+ Nd7 22. O-O-O a4 23. Ne4 Ra6 24. Bxd7+ Kxd7 25. d4 f5 26. Ng5 exd4 27. Nf7 Rg8 28. Ng5 h6 29. Nf3 g5 30. h4 gxh4 31. Nxh4 Ke6 32. Rde1+ Kf6 33. Nf3 a3 34. bxa3 Rxa3 35. Reg1 Rxf3 36. Rxh6+ Bxh6+ 37. Kd1 Rc3 38. Rh1 Rg6 39. Ke2 Ra3 40. Ra1 Rc3 41. Kd1 Rg5 42. a4 bxa3 43. f4 Rh5 44. Ke2 Rh2+ 45. Kd1 Rh1+ 46. Kd2 Rxa1 47. Ke2 Ra2 48. Kd2 Raxc2+ 49. Kd1 a2 50. Ke1 a1=Q# 0-1

[Event "NAYCC U10"]
[Site "Toronto CAN"]
[Date "2013.08.18"]
[Round "8"]
[White "Ju, Lawrence"]
[Black "Low, Ethan"]
[Result "0-1"]
[WhiteElo "1420"]
[BlackElo "1397"]
[PlyCount "66"]
[GameId "2160767909258922"]
[EventDate "2013.08.14"]
[EventType "swiss"]
[EventRounds "9"]
[EventCountry "CAN"]
[SourceTitle "EXT 2022"]
[Source "ChessBase"]
[SourceDate "2021.10.06"]
[SourceVersion "1"]
[SourceVersionDate "2021.10.06"]
[SourceQuality "1"]

1. d4 d6 2. e4 Nf6 3. Nc3 e5 4. dxe5 dxe5 5. Qxd8+ Kxd8 6. Bg5 Be6 7. Nf3 Nbd7 8. O-O-O Kc8 9. Nd5 Nxe4 10. Be3 c6 11. Nc3 Nxc3 12. bxc3 f6 13. Be2 b5 14. Kb2 a5 15. h3 Kc7 16. g4 Be7 17. g5 Rhb8 18. gxf6 gxf6 19. Rhg1 Bf8 20. h4 b4 21. cxb4 Rxb4+ 22. Ka1 Ra4 23. c4 Bxc4 24. Bxc4 Rxc4 25. Rg8 Rb8 26. Rh8 Ba3 27. Rxb8 Nxb8 28. Rg1 Na6 29. Rg7+ Kd6 30. Rxh7 Nb4 31. Bh6 Rc2 32. Nd2 Rc1+ 33. Nb1 Nc2# 0-1

[Event "NAYCC U10"]
[Site "Toronto CAN"]
[Date "2013.08.18"]
[Round "8"]
[White "Levkov, Daniel"]
[Black "Wang, Frank2"]
[Result "1-0"]
[WhiteElo "1867"]
[BlackElo "1374"]
[PlyCount "45"]
[GameId "2160767909258923"]
[EventDate "2013.08.14"]
[EventType "swiss"]
[EventRounds "9"]
[EventCountry "CAN"]

1. e4 e5 2. Nf3 f5 3. exf5 d6 4. Bc4 c5 5. Bxg8 Rxg8 6. d3 Bxf5 7. Nc3 Nc6 8. a4 Nb4 9. Ne4 c4 10. O-O d5 11. Ng3 Bg4 12. dxc4 e4 13. Re1 Be7 14. h3 Bxf3 15. gxf3 dxc4 16. Qe2 Qc7 17. Qxe4 g6 18. Bg5 Rg7 19. Qd4 Rf7 20. Qh8+ Kd7 21. Rad1+ Kc6 22. Re6+ Kc5 23. Qd4# 1-0

[Event "NAYCC U10"]
[Site "Toronto CAN"]
[Date "2013.08.18"]
[Round "8"]
[White "Lin, Benjamin1"]
[Black "Hawthorn, Charles"]
[Result "0-1"]
[WhiteElo "1500"]
[BlackElo "1862"]
[PlyCount "120"]
[GameId "2160767909258924"]
[EventDate "2013.08.14"]
[EventType "swiss"]
[EventRounds "9"]
[EventCountry "CAN"]
[SourceTitle "EXT 2022"]
[Source "ChessBase"]
[SourceDate "2021.10.06"]
[SourceVersion "1"]
[SourceVersionDate "2021.10.06"]
[SourceQuality "1"]

1. c4 e5 2. g3 Nc6 3. Bg2 f5 4. Nc3 Nf6 5. e3 d6 6. Nge2 Be7 7. O-O O-O 8. d4 a6 9. d5 Nb8 10. b4 Nbd7 11. Ba3 Qe8 12. Nc1 f4 13. Nd3 fxg3 14. fxg3 a5 15. b5 b6 16. e4 Qg6 17. Qd2 Ng4 18. Rxf8+ Nxf8 19. Nf2 Bg5 20. Qd3 Be3 21. Ncd1 Bd4 22. Bb2 Nxf2 23. Nxf2 Bxb2 24. Rb1 Bd4 25. Kf1 Qh6 26. h4 Qe3 27. Qxe3 Bxe3 28. Ke2 Bxf2 29. Kxf2 Nd7 30. Rf1 Nc5 31. Ke3 Bd7 32. Rf2 Rf8 33. Rxf8+ Kxf8 34. Bf3 Kf7 35. Be2 Kf6 36. Bf3 g5 37. Be2 gxh4 38. gxh4 Kg6 39. Bf3 h5 40. Be2 Bg4 41. Bf1 Bd1 42. Bd3 Nxd3 43. Kxd3 Bf3 44. Ke3 Bxe4 45. Kxe4 Kf6 46. a4 Kg6 47. Ke3 Kf5 48. Kf3 e4+ 49. Kg3 Ke5 50. Kf2 Kd4 51. Kg3 Kxc4 52. Kf4 Kxd5 53. Kg5 e3 54. Kxh5 e2 55. Kg6 e1=Q 56. h5 Qe8+ 57. Kg5 Qh8 58. Kg6 c6 59. bxc6 Kxc6 60. Kf7 Qxh5+ 0-1

[Event "NAYCC U10"]
[Site "Toronto CAN"]
[Date "2013.08.18"]
[Round "8"]
[White "Liu, Bowser"]
[Black "Ceastov, Denis"]
[Result "1/2-1/2"]
[WhiteElo "736"]
[BlackElo "248"]
[PlyCount "62"]
[GameId "2160767909258925"]
[EventDate "2013.08.14"]
[EventType "swiss"]
[EventRounds "9"]
[EventCountry "CAN"]
[SourceTitle "EXT 2022"]
[Source "ChessBase"]
[SourceDate "2021.10.06"]
[SourceVersion "1"]
[SourceVersionDate "2021.10.06"]
[SourceQuality "1"]

1. e4 e5 2. Nf3 Nc6 3. Nc3 Nf6 4. Bb5 h6 5. O-O Ng4 6. d3 Nd4 7. Nxd4 Qh4 8. Nf3 Qh5 9. h3 Nf6 10. Be3 Qg6 11. Nd5 c6 12. Nxf6+ gxf6 13. Bc4 Rg8 14. Nh4 Qg7 15. Qf3 Be7 16. Nf5 Qg6 17. Nxe7 Kxe7 18. Bc5+ Ke8 19. Kh1 d5 20. exd5 f5 21. Rfe1 f6 22. Rg1 Qg5 23. Qg3 Qxg3 24. fxg3 Rxg3 25. Raf1 b5 26. Bb3 a5 27. dxc6 a4 28. Kh2 Rg6 29. Bd5 Ra5 30. b3 b4 31. Bxb4 Rxd5 1/2-1/2

[Event "NAYCC U10"]
[Site "Toronto CAN"]
[Date "2013.08.18"]
[Round "8"]
[White "Luo, Benett"]
[Black "Surya, Benito"]
[Result "0-1"]
[WhiteElo "749"]
[BlackElo "1619"]
[PlyCount "106"]
[GameId "2160767909258926"]
[EventDate "2013.08.14"]
[EventType "swiss"]
[EventRounds "9"]
[EventCountry "CAN"]
[SourceTitle "EXT 2022"]
[Source "ChessBase"]
[SourceDate "2021.10.06"]
[SourceVersion "1"]
[SourceVersionDate "2021.10.06"]
[SourceQuality "1"]

1. d4 d5 2. c4 e6 3. e3 Nf6 4. Nc3 c5 5. Nf3 Nc6 6. Be2 Be7 7. O-O O-O 8. a3 a5 9. Qc2 cxd4 10. exd4 dxc4 11. Rd1 Nd5 12. Bxc4 Bf6 13. Be3 Nxc3 14. bxc3 Qe7 15. Bd3 g6 16. Bh6 Rd8 17. Bb5 Na7 18. Bc4 b5 19. Be2 Bb7 20. Rd2 Rac8 21. Qb2 Bc6 22. Rad1 Qb7 23. Rd3 Rc7 24. Re3 Rdc8 25. Bf1 Bd5 26. Ne5 Bc6 27. Qd2 Be8 28. Rf3 Bh8 29. Re1 Nc6 30. Ng4 Ne7 31. Nf6+ Bxf6 32. Rxf6 Nd5 33. Rf3 Rxc3 34. Rxc3 Rxc3 35. g3 Qc8 36. Bg2 Bc6 37. Rc1 Rxc1+ 38. Qxc1 Qd7 39. Qg5 Qe7 40. Qxe7 Nxe7 41. Bxc6 Nxc6 42. Be3 b4 43. axb4 axb4 44. Bd2 b3 45. Bc1 Nb4 46. Kf1 Nd3 47. Ba3 b2 48. Bxb2 Nxb2 49. Ke2 Nc4 50. Kd3 Nd6 51. f4 f6 52. h4 h6 53. Ke3 Nf5+ 0-1

[Event "NAYCC U10"]
[Site "Toronto CAN"]
[Date "2013.08.18"]
[Round "8"]
[White "Ming, Wenyang"]
[Black "Guo, Thomas"]
[Result "1/2-1/2"]
[WhiteElo "1815"]
[BlackElo "1629"]
[PlyCount "87"]
[GameId "2160767909258927"]
[EventDate "2013.08.14"]
[EventType "swiss"]
[EventRounds "9"]
[EventCountry "CAN"]
[SourceTitle "EXT 2022"]
[Source "ChessBase"]
[SourceDate "2021.10.06"]
[SourceVersion "1"]
[SourceVersionDate "2021.10.06"]
[SourceQuality "1"]

1. e4 e6 2. d3 d5 3. Nd2 Nf6 4. Ngf3 b6 5. g3 dxe4 6. dxe4 Bb7 7. Qe2 Bc5 8. Bg2 O-O 9. O-O Nc6 10. c3 a5 11. e5 Nd7 12. Ne4 Ra7 13. Bf4 Qc8 14. Rad1 Rd8 15. h4 Be7 16. Bh3 Nc5 17. Nfg5 Nxe4 18. Nxe4 Ba6 19. Rxd8+ Qxd8 20. c4 Nd4 21. Qd3 c5 22. a4 Rd7 23. Bg4 Bb7 24. Re1 f5 25. exf6 gxf6 26. Bd1 f5 27. Nc3 Nf3+ 28. Qxf3 Bxf3 29. Bxf3 Bd6 30. Bh6 f4 31. Rxe6 fxg3 32. Bd5 gxf2+ 33. Kxf2 Kh8 34. Bg5 Rf7+ 35. Ke2 Be7 36. Bd2 Bxh4 37. Ne4 Rf2+ 38. Nxf2 Bxf2 39. Kxf2 Qh4+ 40. Ke2 Qg4+ 41. Ke1 Qg1+ 42. Ke2 Qg4+ 43. Kf2 Qf5+ 44. Kg3 1/2-1/2

[Event "NAYCC U10"]
[Site "Toronto CAN"]
[Date "2013.08.18"]
[Round "8"]
[White "Miranda-Radbord, Cameron"]
[Black "Zeng, Leo"]
[Result "0-1"]
[WhiteElo "709"]
[BlackElo "1002"]
[PlyCount "38"]
[GameId "2160767909258928"]
[EventDate "2013.08.14"]
[EventType "swiss"]
[EventRounds "9"]
[EventCountry "CAN"]
[SourceTitle "EXT 2022"]
[Source "ChessBase"]
[SourceDate "2021.10.06"]
[SourceVersion "1"]
[SourceVersionDate "2021.10.06"]
[SourceQuality "1"]

1. e4 e5 2. Nf3 Nc6 3. Bc4 Bc5 4. d3 Nf6 5. Ng5 O-O 6. Bd2 h6 7. Nf3 d6 8. Qc1 Nd4 9. Bxh6 Nh5 10. O-O Nxf3+ 11. gxf3 Qh4 12. Bg5 Qh3 13. Nd2 Nf4 14. Bxf4 exf4 15. Nb3 g5 16. e5 Kg7 17. exd6 Rh8 18. Re1 Qxh2+ 19. Kf1 Qxf2# 0-1

[Event "NAYCC U10"]
[Site "Toronto CAN"]
[Date "2013.08.18"]
[Round "8"]
[White "Pan, David"]
[Black "Niemann, Hans Moke"]
[Result "1/2-1/2"]
[WhiteElo "1663"]
[BlackElo "1835"]
[PlyCount "113"]
[GameId "2160767739919896"]
[EventDate "2013.08.14"]
[EventType "swiss"]
[EventRounds "9"]
[EventCountry "CAN"]
[SourceTitle "EXT 2022"]
[Source "ChessBase"]
[SourceDate "2021.10.06"]
[SourceVersion "1"]
[SourceVersionDate "2021.10.06"]
[SourceQuality "1"]

1. e4 c5 2. d4 cxd4 3. c3 dxc3 4. Nxc3 d6 5. Nf3 Bg4 6. Bc4 e6 7. O-O Nc6 8. Qb3 Qd7 9. Qd1 Rc8 10. Be2 Nf6 11. Bg5 Be7 12. Qd2 h6 13. Bh4 Rd8 14. Rfd1 Bxf3 15. Bxf3 Ne5 16. Be2 O-O 17. Bxf6 Bxf6 18. f4 Nc6 19. e5 Be7 20. exd6 Qxd6 21. Qxd6 Bxd6 22. Ne4 Bxf4 23. Rxd8 Rxd8 24. Rd1 Nd4 25. Bd3 Be3+ 26. Kh1 Nc6 27. Be2 Rxd1+ 28. Bxd1 Bc1 29. b3 Bf4 30. Nc5 b6 31. Nd3 Bd6 32. Bf3 Ne5 33. Nxe5 Bxe5 34. h3 Kf8 35. Kg1 f5 36. Bb7 Bg3 37. Bc8 Ke7 38. Kf1 g6 39. Ke2 e5 40. Kf3 Bh4 41. Ke3 Bg5+ 42. Kf3 e4+ 43. Ke2 Kd6 44. Bb7 Ke5 45. Bc6 Bc1 46. Be8 g5 47. Bg6 f4 48. Bh7 Kd4 49. Bg8 h5 50. Bf7 g4 51. Bxh5 f3+ 52. Kf1 fxg2+ 53. Kxg2 gxh3+ 54. Kxh3 Kd3 55. Kg2 e3 56. Kf1 Kc2 57. Bf7 {...} 1/2-1/2

[Event "NAYCC U10"]
[Site "Toronto CAN"]
[Date "2013.08.18"]
[Round "8"]
[White "Rajsic, William"]
[Black "Guo, Ryan"]
[Result "1/2-1/2"]
[WhiteElo "1209"]
[BlackElo "1007"]
[PlyCount "64"]
[GameId "2160767909258929"]
[EventDate "2013.08.14"]
[EventType "swiss"]
[EventRounds "9"]
[EventCountry "CAN"]
[SourceTitle "EXT 2022"]
[Source "ChessBase"]
[SourceDate "2021.10.06"]
[SourceVersion "1"]
[SourceVersionDate "2021.10.06"]
[SourceQuality "1"]

1. Nf3 d5 2. g3 Nf6 3. Bg2 c5 4. O-O Nc6 5. d4 e6 6. Bg5 h6 7. Bf4 Nd7 8. Nc3 a6 9. e4 Nb6 10. Re1 Be7 11. Qd2 Nc4 12. Qd3 Nxb2 13. Qd2 Na5 14. Ne2 Nac4 15. Qc3 b5 16. Ne5 b4 17. Qf3 Bb7 18. Qh5 Nxe5 19. Qxe5 Bf6 20. Qh5 g6 21. Qf3 Na4 22. e5 Be7 23. Qe3 g5 24. Qb3 Bc6 25. Bd2 c4 26. Qf3 h5 27. h3 c3 28. Be3 Nb2 29. Nc1 Ba4 30. Qe2 Nc4 31. Nd3 Na3 32. Rac1 Qc7 1/2-1/2

[Event "NAYCC U10"]
[Site "Toronto CAN"]
[Date "2013.08.18"]
[Round "8"]
[White "Talukdar, Rohan"]
[Black "Baradaran, Arman"]
[Result "1-0"]
[WhiteElo "1651"]
[BlackElo "1832"]
[PlyCount "165"]
[GameId "2160767909258931"]
[EventDate "2013.08.14"]
[EventType "swiss"]
[EventRounds "9"]
[EventCountry "CAN"]
[SourceTitle "EXT 2022"]
[Source "ChessBase"]
[SourceDate "2021.10.06"]
[SourceVersion "1"]
[SourceVersionDate "2021.10.06"]
[SourceQuality "1"]

1. d4 d5 2. c4 c6 3. cxd5 cxd5 4. Bf4 Nf6 5. e3 a6 6. Bd3 e6 7. a3 Bd6 8. Bxd6 Qxd6 9. Nf3 Nc6 10. Nc3 O-O 11. O-O b5 12. b4 Bb7 13. Rc1 Rac8 14. Nd2 e5 15. Nb3 Nd7 16. Bf5 Rcd8 17. Bd3 e4 18. Be2 f5 19. f4 Na7 20. Nc5 Nxc5 21. bxc5 Qc7 22. Qb3 Bc6 23. Rb1 Qd7 24. Rfc1 Rb8 25. Qb4 Qc7 26. Qb3 Rfd8 27. g4 g6 28. gxf5 gxf5 29. Kh1 Kh8 30. Rg1 Qd7 31. Rg3 Rg8 32. Kg2 Rg7 33. Kf2 Rxg3 34. hxg3 a5 35. Rh1 Rb7 36. Bh5 Qe6 37. Qd1 Rg7 38. Na2 Qg8 39. Rh3 Qe6 40. Qe1 a4 41. Be2 Qd7 42. Nb4 Bb7 43. Qh1 Rg6 44. Rh5 Qf7 45. Rh3 Qd7 46. Rh6 Qg7 47. Rxg6 Qxg6 48. Qh4 Qf7 49. Qd8+ Kg7 50. Qb6 Bc8 51. c6 Be6 52. c7 Nc8 53. Qc5 Qd7 54. Bxb5 Qf7 55. Be2 Qd7 56. Kg2 Kf7 57. Bb5 Qd6 58. Qc3 Qb6 59. Bxa4 Na7 60. Bc6 Qa5 61. Bb7 Nc8 62. Bxc8 Bxc8 63. Qc1 Qb5 64. Kf2 Qa4 65. Nxd5 Qb3 66. Nb4 h5 67. Ke2 Kg7 68. Kd2 Kf7 69. Qc3 Qa4 70. Qc4+ Kg7 71. Qc3 Kf7 72. d5 Qd7 73. Qc6 Qxc6 74. Nxc6 Ke8 75. Na7 Kd7 76. Nxc8 Kxc8 77. d6 Kd7 78. a4 Kc8 79. a5 Kb7 80. a6+ Kc8 81. a7 Kb7 82. a8=Q+ Kxa8 83. c8=Q+ 1-0

[Event "NAYCC U10"]
[Site "Toronto CAN"]
[Date "2013.08.18"]
[Round "8"]
[White "Tang, Daniel"]
[Black "He, Oliver"]
[Result "1-0"]
[WhiteElo "933"]
[BlackElo "799"]
[PlyCount "73"]
[GameId "2160767909258932"]
[EventDate "2013.08.14"]
[EventType "swiss"]
[EventRounds "9"]
[EventCountry "CAN"]
[SourceTitle "EXT 2022"]
[Source "ChessBase"]
[SourceDate "2021.10.06"]
[SourceVersion "1"]
[SourceVersionDate "2021.10.06"]
[SourceQuality "1"]

1. e4 c5 2. Nf3 Nc6 3. Bc4 d6 4. Ng5 e6 5. O-O Qxg5 6. d4 Qe7 7. Re1 cxd4 8. Bf4 e5 9. Bg3 Nf6 10. h3 g6 11. Nd2 Bg7 12. Nf3 O-O 13. Qd2 Re8 14. Bh4 Be6 15. Bd3 d5 16. Bg5 h6 17. Bxh6 dxe4 18. Bxe4 Nxe4 19. Rxe4 Bd5 20. Rg4 Bxf3 21. gxf3 f5 22. Rg3 f4 23. Rxg6 Kh7 24. Rxg7+ Qxg7+ 25. Bxg7 Kxg7 26. Kf1 Rh8 27. Ke2 Rxh3 28. Rg1+ Kf7 29. Qd3 Rg8 30. Qc4+ Ke7 31. Qxg8 Kd6 32. Rg6+ Kc5 33. Qf8+ Kb6 34. Qb4+ Kc7 35. Rg7+ Kc8 36. Qf8+ Nd8 37. Qf5+ 1-0

[Event "NAYCC U10"]
[Site "Toronto CAN"]
[Date "2013.08.18"]
[Round "8"]
[White "Wang, Andrew B"]
[Black "Chan, Eric"]
[Result "1-0"]
[WhiteElo "1745"]
[BlackElo "1571"]
[PlyCount "36"]
[GameId "2160767739919897"]
[EventDate "2013.08.14"]
[EventType "swiss"]
[EventRounds "9"]
[EventCountry "CAN"]
[SourceTitle "EXT 2022"]
[Source "ChessBase"]
[SourceDate "2021.10.06"]
[SourceVersion "1"]
[SourceVersionDate "2021.10.06"]
[SourceQuality "1"]

1. e4 c5 2. Nc3 d6 3. f4 g6 4. Nf3 Bg7 5. Bb5+ Bd7 6. Bc4 e6 7. O-O Ne7 8. d3 O-O 9. Qe1 a6 10. Qh4 b5 11. Bb3 b4 12. Ne2 a5 13. f5 exf5 14. Bh6 fxe4 15. Ng5 Nf5 16. Rxf5 Bxf5 17. Bxg7 Kxg7 18. Qxh7+ Kf6 {...} 1-0

[Event "NAYCC U10"]
[Site "Toronto CAN"]
[Date "2013.08.18"]
[Round "8"]
[White "Xiong, Dylan"]
[Black "Zheng, Ethan"]
[Result "0-1"]
[WhiteElo "727"]
[BlackElo "1237"]
[PlyCount "118"]
[GameId "2160767909258934"]
[EventDate "2013.08.14"]
[EventType "swiss"]
[EventRounds "9"]
[EventCountry "CAN"]
[SourceTitle "EXT 2022"]
[Source "ChessBase"]
[SourceDate "2021.10.06"]
[SourceVersion "1"]
[SourceVersionDate "2021.10.06"]
[SourceQuality "1"]

1. d4 d5 2. e3 c5 3. c3 Nc6 4. Nf3 Nf6 5. Bd3 Qc7 6. Nbd2 e5 7. dxe5 Nxe5 8. Nxe5 Qxe5 9. Nf3 Qc7 10. Qe2 Be7 11. h3 O-O 12. O-O Bd7 13. e4 dxe4 14. Bxe4 Nxe4 15. Qxe4 Bc6 16. Qc2 Bxf3 17. gxf3 Qe5 18. Kh1 Bd6 19. f4 Qe7 20. Rg1 Qh4 21. Rg3 Bxf4 22. Bxf4 Qxf4 23. Rag1 g6 24. Rg4 Qd6 25. Qc1 Qf6 26. R1g2 Rad8 27. Qh6 Qg7 28. Qg5 b6 29. h4 Rfe8 30. h5 h6 31. Qf4 g5 32. Qf5 Re5 33. Qf3 Rde8 34. Qb7 R5e7 35. Qd5 Qf6 36. Qc4 Re1+ 37. Kh2 Qd6+ 38. f4 R1e4 39. Qf1 Re1 40. Qf3 f6 41. Rg1 R1e2+ 42. R1g2 R2e3 43. Qf2 Qd3 44. R4g3 Rxg3 45. Rxg3 Qe2 46. Kg2 Qxh5 47. Qf3 Re2+ 48. Kg1 Qxf3 49. Rxf3 Rxb2 50. fxg5 hxg5 51. Rxf6 Rxa2 52. Rg6+ Kf7 53. Rxg5 a5 54. c4 a4 55. Rf5+ Ke6 56. Rf1 a3 57. Re1+ Kd6 58. Rd1+ Kc6 59. Kf1 Rb2 0-1